000 00576nam a2200205Ii 4500
003 JO-AjNU
008 230606s9999||||xx |||||||||||||| ||und||
020 _a978-93-5014-512-8
040 _aJO-AjNU
_beng
_erda
_cJO-AjNU
041 _aeng
050 1 4 _aQA371.2014
100 3 _aArora,Hari,
_eauthor
_94557
245 0 0 _aDifferential Equations and Complex Analysis
264 3 1 _aNewdelh:katraia,2014
300 _a414p
336 _atext
_btxt
_2rdacontent
337 _aunmediated
_bn
_2rdamedia
338 _avolume
_bnc
_2rdacarrier
650 4 _a Mathematics. 
_94558
999 _aE2364
_c2362
_d2362